• 首页
  • 本馆介绍
  • 公告通知
  • 最新文献
  • 馆藏检索
  • 电子资源
  • 读者导购
  • 参考咨询
  • 我的图书馆
  • 登录
  • 详细信息显示
  • 放入我的书架
  • 预约/预借图书
  • 作者相关作品
  • 分类相关作品
  • 丛书相关作品
  • 出版社相关作品

书目信息

  • 表格格式
  • 工作单格式
  • 卡片格式
题名:
中国百里香属植物资源研究
    
 
作者: 权俊萍 主编
分册:  
出版信息: 重庆   西南师范大学出版社  2017.6
页数: 152页
开本: 25cm
丛书名:
单 册:
中图分类: Q949.777 , S688.4
科图分类:
主题词: 唇形科--植物资源--研究--中国
电子资源:
ISBN: 978-7-5621-8705-9
000 00935nam0 2200253 450
001 0400001151
005 20171014163442.0
010    @a978-7-5621-8705-9@dCNY48.00
100    @a20170905d2017 em y0chiy50 ea
101 0  @achi
102    @aCN@b500000
105    @aa z 000yy
106    @ar
200 1  @a中国百里香属植物资源研究@9zhong guo bai li xiang shu zhi wu zi yuan yan jiu@f权俊萍主编
210    @a重庆@c西南师范大学出版社@d2017.6
215    @a152页@c彩图@d25cm
320    @a有书目(第142-150页)
330    @a本书是关于中国百里香属植物资源系统研究的学术专著,论述了百里香属植物资源在植物分类、系统进化、遗传多样性、分子生态、引种驯化、遗传育种及栽培繁育等方面的研究内容,集合了作者近十年相关研究的代表性成果。
606 0  @a唇形科@x植物资源@x研究@y中国
690    @aQ949.777@v5
690    @aS688.4@v5
701  0 @a权俊萍@9quan jun ping@4主编
801  0 @aCN@b91MARC@c20171014
905    @b1020146-50@dQ949.777@f5@e333
    
    中国百里香属植物资源研究/权俊萍主编.-重庆:西南师范大学出版社,2017.6
    152页:彩图;25cm
    
    
    ISBN 978-7-5621-8705-9:CNY48.00
    本书是关于中国百里香属植物资源系统研究的学术专著,论述了百里香属植物资源在植物分类、系统进化、遗传多样性、分子生态、引种驯化、遗传育种及栽培繁育等方面的研究内容,集合了作者近十年相关研究的代表性成果。
●
相关链接 在E读中查询图书 在五车中查询图书 在当当中查询图书 在豆瓣中查询图书


正题名:中国百里香属植物资源研究     索取号:Q949.777/333         预约/预借

序号 登录号 条形码 馆藏地/架位号 状态 备注
1 1020146   210201468   第二样本阅览室/ [索取号:Q949.777/333] 在馆    
2 1020147   210201477   密集书库-物理学院/ [索取号:Q949.777/333] 在馆    
3 1020148   210201486   第三借阅区/ [索取号:Q949.777/333] 在馆    
4 1020149   210201495   第三借阅区/ [索取号:Q949.777/333] 在馆    
5 1020150   210201501   第三借阅区/ [索取号:Q949.777/333] 在馆    
唐山师范学院图书馆 欢迎您!
大连网信软件有限公司© 版权所有